| 000 | 00438cam a22001337a 4500 | ||
|---|---|---|---|
| 008 | 180718b1954 xxu||||| |||| 00| 0 eng d | ||
| 082 | _aY1182x54 J78 | ||
| 100 | _aJoshi, Rao Bahadur N.S. | ||
| 245 |
_aIrrigation and agriculture in the first five year plan: an appraisal _cby Rao Bahadur N.S. Joshi |
||
| 260 |
_aPoona _bDeccan Book Stall _c1954 |
||
| 300 | _a2v. | ||
| 650 | _aAgriculture and state --India | ||
| 650 | _aIrrigation --India | ||
| 999 |
_c436752 _d436752 |
||